Deadly cure / (Record no. 3171)
[ view plain ]
| 000 -LEADER | |
|---|---|
| fixed length control field | 00634cam a2200217 4500 |
| 001 - CONTROL NUMBER | |
| control field | 3891 |
| 005 - DATE AND TIME OF LATEST TRANSACTION | |
| control field | 20181127172147.0 |
| 008 - FIXED-LENGTH DATA ELEMENTS--GENERAL INFORMATION | |
| fixed length control field | 010510s2001 miu 000 1 eng |
| 010 ## - LIBRARY OF CONGRESS CONTROL NUMBER | |
| LC control number | 2001033756 |
| 020 ## - INTERNATIONAL STANDARD BOOK NUMBER | |
| International Standard Book Number | 0825423856 |
| 100 1# - MAIN ENTRY--PERSONAL NAME | |
| Personal name | Cutrer, William, |
| Dates associated with a name | 1951- |
| 245 10 - TITLE STATEMENT | |
| Title | Deadly cure / |
| Statement of responsibility, etc. | William Cutrer, Sandra Glahn. |
| 260 ## - PUBLICATION, DISTRIBUTION, ETC. | |
| Place of publication, distribution, etc. | Grand Rapids, MI : |
| Name of publisher, distributor, etc. | Kregel, |
| Date of publication, distribution, etc. | c2001. |
| 300 ## - PHYSICAL DESCRIPTION | |
| Extent | 363 p. ; |
| Dimensions | 21 cm. |
| 650 #0 - SUBJECT ADDED ENTRY--TOPICAL TERM | |
| Topical term or geographic name entry element | Genetic engineering |
| Form subdivision | Fiction. |
| Topical term or geographic name entry element | Medical ethics |
| Form subdivision | Fiction. |
| Topical term or geographic name entry element | Physicians |
| Form subdivision | Fiction. |
| 655 #7 - INDEX TERM--GENRE/FORM | |
| Genre/form data or focus term | Christian fiction. |
| Source of term | lcsh |
| Genre/form data or focus term | Medical novels. |
| Source of term | gsafd |
| 700 1# - ADDED ENTRY--PERSONAL NAME | |
| Personal name | Glahn, Sandra, |
| Dates associated with a name | 1958- |
| Withdrawn status | Lost status | Source of classification or shelving scheme | Damaged status | Not for loan | Collection code | Home library | Current library | Shelving location | Date acquired | Serial Enumeration / chronology | Inventory number | Total Checkouts | Full call number | Barcode | Date last seen | Date last checked out | Price effective from | Koha item type |
|---|---|---|---|---|---|---|---|---|---|---|---|---|---|---|---|---|---|---|
| Dewey Decimal Classification | Fiction | RTC Library | RTC Library | Fiction | 12/03/2022 | 6563 | 2 | FIC 813.54 CUT | 30006616 | 24/05/2022 | 09/05/2022 | 27/11/2018 | Fiction |